000 00510 a2200157 4500
999 _c2638
_d2638
020 _a9781454820529
050 _aKF245 BOU 2016
100 _aBouchoux, Deborah E.
_eAuthor
245 _aCite- checker:
_bYour Guide to using the bluebook
250 _a4th ed
264 _aNew York:
_bWolters Kluwer,
_c2016
300 _a184p.:
_bill.
500 _aIncludes bibliographical references and index
650 _aCitation of legal authorities
_xCitation of legal authorities
942 _2lcc
_cBK
_e4th ed
_h245
_iBOU
_kKF